000 00455nam a2200169Ia 4500
003 STCL
008 181203s9999 xx 000 0 und d
020 _a9789351199076
040 _aSTCL
_bEN
_cSTCL
082 _222
100 _aDT Editorial Services
245 0 _aHTML 5: Covers CSS3, JavaScript, XML, XHTML, AJAX, PHP and jQuery: Black Book
260 _bDreamtech Press
_aNew Delhi
_c2016
300 _a1219
546 _aEnglish
942 _2ddc
_cBK
999 _c86108
_d86108